Serbia... or Croatia? - Statistics

General Stats
  • This quiz has been taken 75 times
  • The average score is 17 of 20
Answer Stats
Question Answer % Correct
Is landlocked Serbia
98%
Dubrovnik is located in Croatia
94%
Is larger Serbia
94%
Novak Djoković was born in Serbia
94%
Was formerly part of Yugoslavia Both
92%
Is a member of NATO Croatia
90%
Is a member of the European Union Croatia
90%
Has more tourists Croatia
89%
Uses Cyrillic alphabet as an official script Serbia
89%
Is considered to be a Slavic country Both
84%
Took part in at least one war during 20th century Both
83%
Has higher GDP per capita Croatia
83%
Has the Ballon d'Or winner Croatia
83%
Has higher population Serbia
81%
Is in the northern hemisphere Both
78%
Has a goat and a crescent on its flag Croatia
76%
Borders Hungary Both
73%
Has been an empire Serbia
68%
Its capital is also its most populous city Both
65%
Has been independent in the year 1900 Serbia
49%
No matching quizzes found
Score Distribution
Percent of People with Each Score
Percentile by Number Answered
Your Score History
You have not taken this quiz